Cordelia es la muerte. Escritos de Sigmund Freud sobre arte y literatura.

I tiakina i:
Ngā taipitopito rārangi puna kōrero
Kaituhi matua: Freud, Sigmund (autor)
Ētahi atu kaituhi: Beytía R., Andrés (Editor), Iriarte, Pola (traductora)
Hōputu: Tē mōhiotia
Reo:Ingarihi
I whakaputaina: Santiago, Chile: La Pollera Ediciones, 2023.
Putanga:Primera edición chilena.
Ngā marau:
Ngā Tūtohu: Tāpirihia he Tūtohu
Kāore He Tūtohu, Me noho koe te mea tuatahi ki te tūtohu i tēnei pūkete!

MARC

LEADER 00000 a2200000 4500
003 CL-VaPUC
005 20240328123947.0
008 240321b ||||| |||| 00| 0 eng d
999 |c 443139  |d 443137 
020 |a 9789566267164 
040 |c Pontificia Universidad Católica de Valparaíso 
082 0 4 |2 22  |a 150.1952 FRE 2023 
100 1 |a Freud, Sigmund  |e autor  |9 887858 
245 1 0 |a Cordelia es la muerte.  |b Escritos de Sigmund Freud sobre arte y literatura. 
250 |a Primera edición chilena. 
260 |a Santiago, Chile:  |b La Pollera Ediciones,  |c 2023. 
300 |a 243 páginas 
583 |k GC  |c 20240321 
650 1 |a Psicoanálisis y arte  |9 885399 
650 1 |a Psicoanálisis y literatura  |9 333130 
700 |a Beytía R., Andrés   |e editor  |9 887859 
700 |a Iriarte, Pola  |e traductora  |9 887860 
942 |2 ddc  |c BK 
952 |0 0  |1 0  |2 ddc  |4 0  |6 150_195200000000000_FRE_2023  |7 0  |8 A  |9 593649  |a BIBART  |b BIBART  |d 2024-03-13  |e 135  |g 14900.00  |i 5660357  |l 2  |o 150.1952 FRE 2023  |p 5660357  |r 2025-03-13  |s 2024-07-30  |t 1  |v 14900.00  |w 2024-03-13  |y BK  |k ART